[Event "9th Asrian Memorial 2016"]
[Site "Yerevan ARM"]
[Date "2016.06.20"]
[Round "5.9"]
[White "Petrosyan, Tigran S."]
[Black "Bakunts, Rafael"]
[Result "1/2-1/2"]
[WhiteTitle "IM"]
[WhiteElo "2478"]
[BlackElo "2355"]
[WhiteFideId "13303678"]
[BlackFideId "13304097"]
[EventDate "2016.06.16"]

1. Nf3 d5 2. d4 Nf6 3. c4 c6 4. e3 e6 5. Nc3 Nbd7 6. Qc2 Bd6 7. Bd3 O-O 8. O-O
e5 9. cxd5 cxd5 10. e4 exd4 11. Nxd5 Nxd5 12. exd5 h6 13. Nxd4 Qh4 14. Nf3 Qh5
15. Bh7+ Kh8 16. Qf5 Qxf5 17. Bxf5 Nf6 18. Bxc8 Raxc8 19. Rd1 Rfd8 20. Kf1 Be7
21. Be3 b6 22. d6 Rxd6 23. Rxd6 Bxd6 24. Rd1 Be7 25. Ke2 Kg8 26. Ne5 Kf8 27. Rc1
Rxc1 28. Bxc1 Bd6 29. Nc6 a6 30. Be3 Nd5 31. Bd4 b5 32. g3 f5 33. Kd3 g6 34. a3
Kf7 35. Ne5+ Bxe5 36. Bxe5 Ke6 37. Kd4 g5 38. h3 h5 39. Bg7 g4 40. hxg4 hxg4 41.
Be5 Nb6 42. b3 Nd5 43. Bf4 Nf6 44. Kc5 Ne4+ 45. Kb6 Kd5 46. Be3 Nc3 47. Kxa6 Kc6
48. Ka5 Nd5 49. a4 bxa4 50. Kxa4 Nc7 51. b4 Nb5 52. Ka5 Nc7 53. Bf4 Nb5 54. Ka4
Nd4 55. Be3 Nb5 56. Kb3 Kd5 57. Bc5 Nc7 58. Kc3 Nb5+ 59. Kd3 Na3 60. Ke3 Ke5 1/2-1/2

[Event "9th Asrian Memorial 2016"]
[Site "Yerevan ARM"]
[Date "2016.06.20"]
[Round "5.10"]
[White "Harutyunian, Tigran K."]
[Black "Manukyan, Sargis A."]
[Result "1/2-1/2"]
[WhiteTitle "IM"]
[WhiteElo "2462"]
[BlackElo "2247"]
[WhiteFideId "13303635"]
[BlackFideId "13303970"]
[EventDate "2016.06.16"]

1. c4 e6 2. Nc3 d5 3. d4 Nf6 4. Nf3 Be7 5. Bf4 c5 6. dxc5 Na6 7. e3 Nxc5 8. cxd5
exd5 9. Be2 O-O 10. O-O Be6 11. Rc1 Rc8 12. Nb5 a6 13. Bc7 Rxc7 14. Nxc7 Qxc7
15. b4 Qb6 16. bxc5 Bxc5 17. Qb3 Qa7 18. Qb2 b5 19. Nd4 Ne4 20. Rfd1 b4 21. Bf3
Nc3 22. Rd2 a5 23. Ne2 Nxe2+ 24. Bxe2 Be7 25. Qc2 Bf6 26. Qc5 Qxc5 27. Rxc5 Bc3
28. Rd1 a4 29. a3 Bb2 30. axb4 a3 31. Ra5 Rb8 32. b5 Kf8 33. h3 d4 34. exd4 a2
35. d5 Bxd5 36. Rxd5 a1=Q+ 37. Rxa1 Bxa1 38. Rd7 Ke8 39. Rd1 Bf6 40. Bf3 Bd8 41.
Bc6+ Ke7 42. Re1+ Kd6 43. g3 Bb6 44. Kg2 Rc8 45. Rd1+ Ke5 46. f4+ Kf6 47. Rd6+
Ke7 48. Rd7+ Kf8 49. Rb7 Ba5 50. Kf3 Rc7 51. Rb8+ Ke7 52. Ra8 Bb6 53. g4 Ra7 54.
Rb8 Ra3+ 55. Kg2 Be3 56. Rb7+ Ke6 57. f5+ Kf6 58. Bd5 Ra7 59. Rb8 Rd7 60. Bc6
Rd6 61. Rb7 Rd8 62. Kf3 Bc5 63. Be4 Bd4 64. Rc7 Rd6 65. Bc6 Rd8 66. Ke4 Bg1 67.
Bd5 Re8+ 68. Kf3 Rf8 69. Bxf7 Ra8 70. Be6 Ra7 71. Rc6 Ke5 72. Bg8 Ra3+ 73. Kg2
Bd4 74. Rc1 h5 75. Rb1 Bb6 76. Rc1 h4 77. Re1+ Kf4 78. Bd5 Rg3+ 79. Kh2 Rd3 80.
Bg2 Rd2 81. Re4+ Kg5 82. Re7 Bd4 83. b6 Bxb6 84. Rxg7+ Kf4 85. Rb7 Bd4 86. Rb3
Rd1 87. Rf3+ Kg5 88. Bf1 Rd2+ 89. Kh1 Rf2 90. Bg2 Rxf3 91. Bxf3 Ba1 1/2-1/2

[Event "9th Asrian Memorial 2016"]
[Site "Yerevan ARM"]
[Date "2016.06.20"]
[Round "5.11"]
[White "Sargsyan, Shant"]
[Black "Baghdasaryan, Vahe"]
[Result "1-0"]
[WhiteTitle "CM"]
[BlackTitle "IM"]
[WhiteElo "2378"]
[BlackElo "2452"]
[WhiteFideId "13306766"]
[BlackFideId "13303139"]
[EventDate "2016.06.16"]

1. d4 Nf6 2. c4 c5 3. d5 b5 4. cxb5 a6 5. bxa6 g6 6. Nc3 Bg7 7. Nf3 O-O 8. e4
Qa5 9. Bd2 Bxa6 10. Bxa6 Qxa6 11. Qe2 e6 12. dxe6 fxe6 13. Qxa6 Nxa6 14. O-O d5
15. exd5 exd5 16. Rfd1 Nb4 17. Ne1 Ng4 18. Nf3 Nd3 19. Nxd5 Bxb2 20. Rab1 Ngxf2
21. Rf1 Ne4 22. Bh6 Rfd8 23. Ne7+ Kf7 24. Nc6 Ke6 25. Nxd8+ Rxd8 26. Rfd1 Bd4+
27. Nxd4+ Rxd4 28. Rb6+ Ke7 29. Rb7+ Ke6 30. Bf8 Nc3 31. Rd2 c4 32. Re7+ Kf6 33.
Bg7+ Kxe7 34. Bxd4 Nb5 35. Bh8 Kd6 36. a4 Nc7 37. Bc3 Kc5 38. Rc2 Nd5 39. Bd2
N3b4 40. Rc1 Nd3 41. Rc2 N3b4 42. Rc1 Nd3 43. Ra1 c3 44. Bh6 Kb6 45. a5+ Ka6 46.
Kf1 Nc5 47. Ke2 Nb3 48. Ra3 Nc5 49. Bg7 c2 50. Kd2 Nb4 51. Bc3 Ne4+ 52. Kc1 Nxc3
53. Rxc3 Kxa5 54. Rh3 h5 55. Rg3 Kb5 56. Rxg6 Kc4 57. Rg3 h4 58. Rh3 Nd3+ 59.
Kxc2 Ne1+ 60. Kd2 Nxg2 61. Rf3 Kd4 62. Rf2 h3 63. Rf3 Ke4 64. Rxh3 Nf4 65. Ra3
Ne6 66. Re3+ Kf5 67. Ke2 Ng5 68. Kf2 Kg4 69. Kg2 Nf7 70. h3+ Kh4 71. Re4+ Kh5
72. Kg3 Ng5 73. Re5 1-0

[Event "9th Asrian Memorial 2016"]
[Site "Yerevan ARM"]
[Date "2016.06.20"]
[Round "5.12"]
[White "Movsisyan, Vardan"]
[Black "Martirosyan, Haik M."]
[Result "1-0"]
[BlackTitle "IM"]
[WhiteElo "2179"]
[BlackElo "2443"]
[WhiteFideId "13301799"]
[BlackFideId "13306553"]
[EventDate "2016.06.16"]

1. e4 c5 2. Nf3 Nf6 3. e5 Nd5 4. Nc3 Nxc3 5. dxc3 Nc6 6. Bc4 e6 7. Bf4 Qb6 8. b3
Qc7 9. O-O h6 10. Re1 b6 11. Bf1 Bb7 12. Nd2 O-O-O 13. Nc4 g5 14. Nd6+ Bxd6 15.
exd6 Qb8 16. Bc1 f6 17. b4 cxb4 18. cxb4 Nxb4 19. c4 Bc6 20. Rb1 Na6 21. Be3 Qb7
22. c5 Nb8 23. a4 h5 24. Qd4 e5 25. Qb4 h4 26. a5 h3 27. a6 Nxa6 28. Bxa6 Qxa6
29. cxb6 Rh4 30. bxa7 Rxb4 31. Rxb4 Bb7 32. Rc1+ Qc6 33. Rxc6+ dxc6 34. Bc5 hxg2
35. Kxg2 f5 36. Kg3 g4 37. Kh4 1-0

[Event "9th Asrian Memorial 2016"]
[Site "Yerevan ARM"]
[Date "2016.06.20"]
[Round "5.13"]
[White "Shahinyan, David"]
[Black "Sayadyan, Edvard"]
[Result "1-0"]
[WhiteTitle "IM"]
[WhiteElo "2442"]
[BlackElo "2016"]
[WhiteFideId "13304380"]
[BlackFideId "13304909"]
[EventDate "2016.06.16"]

1. g3 g6 2. Bg2 Bg7 3. e4 c5 4. Nc3 Nc6 5. d3 d6 6. Be3 Rb8 7. Qd2 b5 8. Nge2 b4
9. Nd1 Nf6 10. h3 O-O 11. O-O Qb6 12. f4 Ba6 13. a3 Nd7 14. axb4 Nxb4 15. Nc1
Nc6 16. c3 Qb5 17. Rf2 Bb7 18. b4 cxb4 19. c4 Qh5 20. g4 Qh4 21. d4 Nb6 22. Nb2
f5 23. gxf5 gxf5 24. d5 Bxb2 25. Qxb2 Nxc4 26. Qb3 N6a5 27. Rxa5 Nxa5 28. Qxb4
Qg3 29. Rf3 Qg6 30. Kh2 Kf7 31. Rg3 Qh5 32. Rg5 Qh4 33. Rxf5+ Kg8 34. Rg5+ Kf7
35. Qxa5 Rg8 36. Qxa7 Qe1 37. Rf5+ Kg6 38. Nd3 Qe2 39. Nf2 h5 40. Rg5+ Kh6 41.
f5 Kh7 42. f6 exf6 43. Rxg8 Rxg8 44. Qxb7+ Rg7 1-0

[Event "9th Asrian Memorial 2016"]
[Site "Yerevan ARM"]
[Date "2016.06.20"]
[Round "5.14"]
[White "Igonin, Temur"]
[Black "Gharibyan, Mamikon"]
[Result "1-0"]
[WhiteTitle "IM"]
[BlackTitle "CM"]
[WhiteElo "2474"]
[BlackElo "2085"]
[WhiteFideId "14203049"]
[BlackFideId "13308300"]
[EventDate "2016.06.16"]

1. e4 c5 2. Nf3 d6 3. d4 cxd4 4. Nxd4 Nf6 5. Nc3 a6 6. Bg5 Nbd7 7. Qe2 h6 8. Bh4
e6 9. f4 Qc7 10. O-O-O Be7 11. g4 g5 12. fxg5 hxg5 13. Bxg5 Ne5 14. h4 Nfxg4 15.
Bh3 Nf6 16. Rhf1 Ng8 17. Qg2 Bd7 18. Nf3 Nxf3 19. Rxf3 Rh7 20. Bxe7 Nxe7 21. e5
d5 22. Qg5 Rc8 23. h5 b5 24. Bf1 b4 25. Bd3 Nf5 26. Bxf5 Qxe5 27. Nxd5 Rxc2+ 28.
Kxc2 Qe2+ 29. Rd2 Ba4+ 30. b3 1-0

[Event "9th Asrian Memorial 2016"]
[Site "Yerevan ARM"]
[Date "2016.06.20"]
[Round "5.15"]
[White "Mikaelyan, Arman"]
[Black "Tiraturyan, David"]
[Result "1-0"]
[WhiteTitle "IM"]
[WhiteElo "2444"]
[BlackElo "2235"]
[WhiteFideId "13304852"]
[BlackFideId "13304402"]
[EventDate "2016.06.16"]

1. d4 Nf6 2. c4 g6 3. Nc3 Bg7 4. e4 O-O 5. Be2 d6 6. Bg5 Nc6 7. d5 Ne5 8. Nf3
Nxf3+ 9. Bxf3 c6 10. O-O Nd7 11. Qd2 Re8 12. Rfe1 a6 13. Be2 Qa5 14. Rab1 Qb4
15. Qc2 Bd4 16. Bf1 Ne5 17. Red1 c5 18. a3 Qa5 19. Rd2 f6 20. Bf4 g5 21. Bg3 h5
22. h4 gxh4 23. Bxh4 Kh8 24. Ne2 Rg8 25. Bg3 h4 26. Bxe5 fxe5 27. Nxd4 cxd4 28.
b4 Qc7 29. c5 Bd7 30. Rc1 Rg6 31. Kh2 Bb5 32. Qd1 Bxf1 33. Qxf1 Rag8 34. f4 Rg4
35. fxe5 dxe5 36. Qf7 R4g5 37. Rf1 Qd7 38. Rf5 Rxf5 39. exf5 Rg7 40. Qe6 Qc7 41.
d6 exd6 42. f6 Rg6 43. Qe8+ 1-0

[Event "9th Asrian Memorial 2016"]
[Site "Yerevan ARM"]
[Date "2016.06.20"]
[Round "5.16"]
[White "Hakobyan, Hovhannes H."]
[Black "Hakobyan, Aram"]
[Result "0-1"]
[BlackTitle "FM"]
[WhiteElo "2161"]
[BlackElo "2382"]
[WhiteFideId "13306308"]
[BlackFideId "13306677"]
[EventDate "2016.06.16"]

1. e4 c6 2. Nc3 d5 3. Qe2 e6 4. d4 Nf6 5. Nf3 Be7 6. Bf4 O-O 7. e5 Nfd7 8. Qd2
c5 9. dxc5 Nxc5 10. Bd3 Nxd3+ 11. cxd3 d4 12. Ne4 Nc6 13. O-O Qd5 14. a3 b6 15.
h4 Bb7 16. h5 f5 17. Ng3 Na5 18. Rad1 Nb3 19. Qe2 Rac8 20. Ne1 Rc7 21. f3 Rfc8
22. Nh1 Rc5 23. Nf2 Bd8 24. Bg3 Bc7 25. Nc2 Rxc2 26. Qxc2 Bxe5 27. Qxc8+ Bxc8
28. Bxe5 Qxe5 29. Rfe1 Qd6 30. Re2 Kf7 31. Rde1 Kf6 32. Nh3 Nc5 33. Nf2 Ba6 34.
Rd1 e5 35. b4 Ne6 36. Nh3 g5 37. g4 Nf4 38. Nxf4 gxf4 39. Rde1 fxg4 0-1

[Event "9th Asrian Memorial 2016"]
[Site "Yerevan ARM"]
[Date "2016.06.20"]
[Round "5.17"]
[White "Vardanian, Haik G."]
[Black "Shmavonyan, Areg"]
[Result "1-0"]
[WhiteTitle "FM"]
[WhiteElo "2355"]
[BlackElo "1995"]
[WhiteFideId "13303562"]
[BlackFideId "13309420"]
[EventDate "2016.06.16"]

1. e4 e5 2. Nf3 Nc6 3. Bb5 a6 4. Ba4 Nf6 5. d3 d6 6. c3 g6 7. O-O Bg7 8. Re1 O-O
9. Bxc6 bxc6 10. d4 Nd7 11. Na3 exd4 12. cxd4 Re8 13. Qc2 c5 14. Bg5 Bf6 15.
Bxf6 Qxf6 16. dxc5 Nxc5 17. e5 Qf5 18. exd6 Rxe1+ 19. Rxe1 Qxc2 20. Nxc2 cxd6
21. b4 Na4 22. Re8+ Kg7 23. Rd8 Bb7 24. Rxd6 Rc8 25. Nfe1 Be4 26. Ne3 Rc1 27.
Kf1 Ra1 28. f3 Bb7 29. Rd2 Nc3 30. Rc2 Nxa2 31. Rc7 Ba8 32. b5 Nb4 33. Ra7 Bd5
34. b6 Nd3 35. Ke2 Nf4+ 36. Kd2 Rb1 37. g3 Rb2+ 38. N1c2 Rxb6 39. gxf4 Bxf3 40.
Nc4 Rb1 1-0

[Event "9th Asrian Memorial 2016"]
[Site "Yerevan ARM"]
[Date "2016.06.20"]
[Round "5.18"]
[White "Kalashian, David"]
[Black "Nanyan, Georgy"]
[Result "1-0"]
[WhiteTitle "IM"]
[WhiteElo "2316"]
[BlackElo "1570"]
[WhiteFideId "13302418"]
[BlackFideId "13310100"]
[EventDate "2016.06.16"]

1. e4 c5 2. Nc3 Nc6 3. Nf3 e6 4. Bb5 d6 5. O-O a6 6. Bxc6+ bxc6 7. e5 a5 8. exd6
Bxd6 9. d3 h6 10. Ne4 Be7 11. Be3 Qb6 12. Ne5 Ba6 13. Qh5 g6 14. Nxg6 fxg6 15.
Qxg6+ Kf8 16. f4 Qxb2 17. f5 Qg7 18. fxe6+ Nf6 19. Rxf6+ Bxf6 20. Bxc5+ 1-0

[Event "9th Asrian Memorial 2016"]
[Site "Yerevan ARM"]
[Date "2016.06.20"]
[Round "5.19"]
[White "Hovhannisyan, Karen G."]
[Black "Korniyuk, Mariya"]
[Result "1-0"]
[BlackTitle "WFM"]
[WhiteElo "2244"]
[BlackElo "2082"]
[WhiteFideId "13306618"]
[BlackFideId "14118874"]
[EventDate "2016.06.16"]

1. d4 d5 2. Bf4 Nf6 3. e3 e6 4. Nf3 Be7 5. h3 O-O 6. Be2 b6 7. O-O Ba6 8. Bxa6
Nxa6 9. Ne5 Nb8 10. a4 Nfd7 11. a5 Nxe5 12. axb6 cxb6 13. Bxe5 Nc6 14. Bg3 Na5
15. Nd2 Qd7 16. Qe2 Rfc8 17. c3 Nc4 18. Nxc4 Rxc4 19. Ra6 Ra4 20. Rxa4 Qxa4 21.
e4 Rd8 22. f4 dxe4 23. Qxe4 Bd6 24. Bh4 Re8 25. f5 e5 26. Qd5 Bf8 27. b3 Qa3 28.
Qd7 Ra8 29. Qc6 Rb8 30. dxe5 Qc5+ 31. Qxc5 Bxc5+ 32. Kh2 a5 33. c4 Re8 34. Bg3
Rd8 35. Rf3 Rd1 36. h4 g6 37. f6 Kf8 38. Bf4 Re1 39. Rd3 Ke8 40. Kg3 h5 41. Kf3
Rh1 42. g3 a4 43. bxa4 Ra1 44. Ke4 Rxa4 45. Kd5 Ra8 46. Be3 Rc8 47. Bxc5 Rxc5+
48. Kd4 Rc6 49. Ra3 Rc7 50. Ra6 Rd7+ 51. Ke4 Rb7 52. Ra8+ Kd7 53. Rf8 1-0

[Event "9th Asrian Memorial 2016"]
[Site "Yerevan ARM"]
[Date "2016.06.20"]
[Round "5.20"]
[White "Davtyan, Artur"]
[Black "Hoghmrtsyan, Artur"]
[Result "1-0"]
[WhiteElo "2239"]
[BlackElo "1870"]
[WhiteFideId "13308327"]
[BlackFideId "13306685"]
[EventDate "2016.06.16"]

1. d4 d5 2. c4 e6 3. Nc3 Be7 4. Bf4 Nf6 5. e3 O-O 6. Nf3 Nbd7 7. Bd3 c5 8. cxd5
Nxd5 9. Nxd5 exd5 10. O-O c4 11. Be2 Nf6 12. b3 b5 13. a4 Bd7 14. axb5 Bxb5 15.
bxc4 Bxc4 16. Ne5 Bxe2 17. Qxe2 Ne4 18. Ra6 Bd6 19. f3 Bxe5 20. Bxe5 Ng5 21. Qb5
Qc8 22. Rc6 Qd7 23. Rg6 hxg6 24. Qxd7 Rfd8 25. Qa4 Ne6 26. Rc1 1-0

[Event "9th Asrian Memorial 2016"]
[Site "Yerevan ARM"]
[Date "2016.06.20"]
[Round "5.21"]
[White "Kotanjian, Tigran"]
[Black "Barseghyan, Armen Ar."]
[Result "1-0"]
[WhiteTitle "GM"]
[WhiteElo "2485"]
[BlackElo "1849"]
[WhiteFideId "13301250"]
[BlackFideId "13306707"]
[EventDate "2016.06.16"]

1. d4 Nf6 2. c4 c5 3. d5 b5 4. cxb5 a6 5. bxa6 Bxa6 6. Nc3 d6 7. Nf3 g6 8. g3
Bg7 9. Bg2 O-O 10. O-O Nbd7 11. Rb1 Qa5 12. Bd2 Rfb8 13. Qc2 Ng4 14. Rfd1 Nge5
15. Nxe5 Nxe5 16. b3 Qc7 17. h3 Ra7 18. Be1 Rab7 19. a3 Bb5 20. Nxb5 Rxb5 21. a4
R5b7 22. Bf1 Ra8 23. Kg2 Nd7 24. e4 Nb8 25. Bb5 Rba7 26. b4 cxb4 27. Qxc7 Rxc7
28. Rxb4 h5 29. Rbb1 Nd7 30. Bc6 Raa7 31. Bxd7 Rxd7 32. a5 Rd8 33. Rb5 Rda8 34.
Kf3 Kf8 35. Ke3 Ke8 36. Rc1 Kd7 37. Kd3 Bf6 38. Rc6 Rc8 39. Rbb6 Rxc6 40. dxc6+
Kc7 41. Kc4 Be5 42. Bd2 Bf6 43. Kb5 Bd4 44. Be3 Rxa5+ 45. Kxa5 Bxb6+ 46. Bxb6+
Kxc6 47. Bd4 e5 48. Be3 d5 49. f3 d4 50. Bg5 Kc5 51. g4 Kc4 52. gxh5 gxh5 53.
Kb6 Kd3 54. Kc5 Ke2 55. Kd5 Kxf3 56. Kxe5 d3 57. h4 f6+ 58. Kxf6 Kxe4 59. Kg6
Kf3 60. Kxh5 1-0

[Event "9th Asrian Memorial 2016"]
[Site "Yerevan ARM"]
[Date "2016.06.20"]
[Round "5.22"]
[White "Gavrish, Leonid"]
[Black "Zhylkaidarova, Sholpan"]
[Result "1/2-1/2"]
[BlackTitle "WFM"]
[WhiteElo "2212"]
[BlackElo "2164"]
[WhiteFideId "14110040"]
[BlackFideId "13700138"]
[EventDate "2016.06.16"]

1. d4 Nf6 2. c4 e6 3. Nc3 Bb4 4. e3 O-O 5. Bd3 d5 6. cxd5 exd5 7. Ne2 Re8 8. Bd2
Bd6 9. Rc1 c6 10. f3 Nh5 11. Kf2 b6 12. h4 f5 13. Qc2 Qf6 14. g3 Be6 15. Kg2 Nd7
16. e4 fxe4 17. fxe4 dxe4 18. Bxe4 g6 19. Bxc6 Rac8 20. Ne4 Qe7 21. Bg5 Ndf6 22.
Rhf1 Rf8 23. Nxf6+ Nxf6 24. Nf4 Bxf4 25. Rxf4 Bf5 26. Bxf6 Qxf6 27. Bd5+ Kg7 28.
Qxc8 Rxc8 29. Rxc8 Qe7 30. Rg8+ Kh6 31. Bf3 Qe3 32. g4 Qd2+ 33. Kg1 Qe1+ 34. Kg2
Qd2+ 35. Kg3 Qe1+ 36. Kg2 1/2-1/2

[Event "9th Asrian Memorial 2016"]
[Site "Yerevan ARM"]
[Date "2016.06.20"]
[Round "5.23"]
[White "Sargsyan, Anna M."]
[Black "Hairapetian, Anna"]
[Result "1-0"]
[BlackTitle "WIM"]
[WhiteElo "1948"]
[BlackElo "2184"]
[WhiteFideId "13308130"]
[BlackFideId "13303554"]
[EventDate "2016.06.16"]

1. e4 c5 2. Nf3 d6 3. Bb5+ Bd7 4. Bxd7+ Qxd7 5. O-O Nc6 6. c3 Nf6 7. d4 cxd4 8.
cxd4 d5 9. e5 Ne4 10. Ne1 h6 11. f3 Ng5 12. Nc3 e6 13. Be3 Be7 14. Nd3 O-O 15.
Qd2 b6 16. Rac1 Rac8 17. Qf2 f6 18. exf6 Bxf6 19. Ne2 Ne7 20. Nef4 Qb5 21. Rcd1
Nf5 22. Nh5 Be7 23. Ne5 Qe8 24. Nf4 Bd6 25. Nfd3 Qh5 26. Kh1 Ne7 27. Qd2 Nc6 28.
g4 Qe8 29. Bxg5 hxg5 30. Nxc6 Rxc6 31. Qxg5 Rc2 32. Rd2 Qc8 33. Qe3 Rxd2 34.
Qxd2 Rf6 35. Kg2 Rh6 36. h3 Qc4 37. Qe3 Qc2+ 38. Rf2 Qc8 39. Ne5 Rf6 40. Re2 Bb8
41. Qd3 Bxe5 42. Rxe5 Qc1 43. Re2 Qa1 44. a3 Qc1 45. Rc2 Qe1 46. Qe2 Qxe2+ 47.
Rxe2 Kf8 48. Kg3 Ke7 49. Rc2 Kd7 50. f4 Rf8 51. h4 g6 52. g5 Rh8 53. Kg4 Rh7 54.
b4 Rh8 55. b5 Rh7 56. a4 Rh8 57. Rc6 Rf8 58. a5 bxa5 59. Ra6 Kc7 60. Rxe6 Rd8
61. Rc6+ Kb7 62. Rxg6 Re8 63. h5 Re1 64. h6 Rg1+ 65. Kf5 Rh1 66. Ra6 1-0

[Event "9th Asrian Memorial 2016"]
[Site "Yerevan ARM"]
[Date "2016.06.20"]
[Round "5.24"]
[White "Babayan, Armine"]
[Black "Arakelyan, Nare"]
[Result "1-0"]
[WhiteElo "2169"]
[BlackElo "1766"]
[WhiteFideId "13304135"]
[BlackFideId "13307657"]
[EventDate "2016.06.16"]

1. e4 e5 2. Nf3 Nc6 3. Bb5 a6 4. Ba4 Nf6 5. d3 b5 6. Bb3 Be7 7. O-O d6 8. h3 Na5
9. Nc3 O-O 10. Be3 Nxb3 11. axb3 c5 12. Ne2 Re8 13. c4 Rb8 14. Qc2 Qb6 15. Ra2
Bf8 16. Nd2 Nh5 17. Nc3 g6 18. Qd1 Qd8 19. Qf3 Qh4 20. Nd5 f5 21. exf5 Nf4 22.
fxg6 Bh6 23. gxh7+ Kxh7 24. Qe4+ Kh8 25. Bxf4 1-0

[Event "9th Asrian Memorial 2016"]
[Site "Yerevan ARM"]
[Date "2016.06.20"]
[Round "5.25"]
[White "Avetisyan, Mariam"]
[Black "Golikov, Daniil"]
[Result "1-0"]
[WhiteElo "2050"]
[BlackElo "2142"]
[WhiteFideId "13307622"]
[BlackFideId "24170623"]
[EventDate "2016.06.16"]

1. d4 Nf6 2. c4 e6 3. Nc3 Bb4 4. f3 d5 5. a3 Bxc3+ 6. bxc3 O-O 7. cxd5 exd5 8.
e3 c5 9. Bd3 c4 10. Bc2 Nc6 11. Ne2 Re8 12. O-O b5 13. Qe1 a5 14. Qf2 h6 15. e4
dxe4 16. fxe4 Qe7 17. Ng3 Rf8 18. h3 Bd7 19. e5 Nd5 20. Nf5 Bxf5 21. Qxf5 g6 22.
Qf3 Qe6 23. Bxh6 Rfd8 24. Bg5 Rd7 25. Qg3 Re8 26. Bf5 1-0

[Event "9th Asrian Memorial 2016"]
[Site "Yerevan ARM"]
[Date "2016.06.20"]
[Round "5.26"]
[White "Mkrtchyan, Sargis R."]
[Black "Matevosyan, Sedrak"]
[Result "0-1"]
[WhiteElo "2183"]
[BlackElo "2077"]
[WhiteFideId "13307878"]
[BlackFideId "13302035"]
[EventDate "2016.06.16"]

1. d4 Nf6 2. c4 e6 3. Nf3 b6 4. g3 Ba6 5. Qc2 Bb4+ 6. Bd2 Be7 7. Bg2 Bb7 8. Nc3
c5 9. d5 exd5 10. Nh4 Nc6 11. cxd5 Nb4 12. Qa4 Nfxd5 13. Nxd5 Bxd5 14. Bxd5 Nxd5
15. Nf5 g6 16. Qe4 Nc7 17. Nd6+ Kf8 18. Bh6+ Kg8 19. O-O-O Bf8 20. Bxf8 Qxf8 21.
Qb7 Ne6 22. Nxf7 Rb8 23. Qxa7 Ra8 24. Qxd7 Qxf7 25. Qc6 Re8 26. Rd7 Nd4 27. Qa4
Re7 28. Rxe7 Qxe7 29. e3 b5 30. Qd1 Ne6 31. Qb3 b4 32. h4 Kf7 33. h5 g5 34. Qc2
Kf6 35. f4 Rd8 36. fxg5+ Nxg5 37. Rf1+ Kg7 38. h6+ Kxh6 39. e4 Nxe4 40. Qe2 Qg5+
41. Rf4 0-1

[Event "9th Asrian Memorial 2016"]
[Site "Yerevan ARM"]
[Date "2016.06.20"]
[Round "5.27"]
[White "Nazaryan, Armenak"]
[Black "Yeritsyan, Hayk"]
[Result "0-1"]
[WhiteElo "1845"]
[BlackElo "2082"]
[WhiteFideId "13304747"]
[BlackFideId "13307320"]
[EventDate "2016.06.16"]

1. e4 c5 2. Nc3 d6 3. Nge2 g6 4. g3 Bg7 5. Bg2 Nc6 6. d3 Rb8 7. Bg5 b5 8. Qc1 h6
9. Bd2 Nd4 10. Nxd4 cxd4 11. Ne2 Bg4 12. f3 Bd7 13. O-O Rc8 14. Qd1 Nf6 15. c3
dxc3 16. bxc3 O-O 17. d4 Qb6 18. Be3 Be6 19. Qd2 Bc4 20. Rfc1 Qa6 21. Bf1 Kh7
22. Rcb1 Nd7 23. Bh3 e6 24. Nc1 Qa5 25. Rb4 Nb6 26. Qe1 Na4 27. Bd2 Qb6 28. Rab1
Qc7 29. Ra1 a5 30. Rbb1 b4 31. Kh1 bxc3 32. Bxc3 Nxc3 33. Qxc3 Qa7 34. Nb3 Bxb3
35. Qxb3 Bxd4 0-1

[Event "9th Asrian Memorial 2016"]
[Site "Yerevan ARM"]
[Date "2016.06.20"]
[Round "5.28"]
[White "Mashalov, Aliniyaz"]
[Black "Kshtoyan, Indat"]
[Result "1/2-1/2"]
[WhiteElo "1680"]
[BlackElo "1939"]
[WhiteFideId "14004003"]
[BlackFideId "13304801"]
[EventDate "2016.06.16"]

1. d4 e6 2. c4 f5 3. g3 Nf6 4. Bg2 d5 5. Nh3 c6 6. O-O Be7 7. Qc2 O-O 8. Nd2 Qe8
9. Nf3 Ne4 10. c5 Nd7 11. Nf4 Bf6 12. Nd3 Qh5 13. Nfe5 Ng5 14. h4 Ne4 15. Bf4 g5
16. hxg5 Nxg5 17. Bxg5 Qxg5 18. Nf3 Qh6 19. Qc1 Qg7 20. Nf4 Qf7 21. Qe3 Re8 22.
Nd3 Nf8 23. Nde5 Qg7 24. b4 Bd7 25. a4 Ng6 26. Nxd7 Qxd7 27. Qd3 f4 28. Qd2 fxg3
29. fxg3 Qg7 30. Ra3 e5 31. Nxe5 Nxe5 32. dxe5 Bxe5 33. Rf5 Bd4+ 34. Kh2 Re3 35.
Rxe3 Qh6+ 36. Bh3 Bxe3 37. Qc3 Re8 38. Re5 Rxe5 39. Qxe5 Bd2 40. Qb8+ Qf8 41.
Be6+ Kg7 42. Qxf8+ Kxf8 43. Bc8 b5 44. cxb6 axb6 45. Bb7 1/2-1/2

[Event "9th Asrian Memorial 2016"]
[Site "Yerevan ARM"]
[Date "2016.06.20"]
[Round "5.29"]
[White "Karapetyan, Lusine"]
[Black "Chubar, Vladimir"]
[Result "0-1"]
[BlackTitle "IM"]
[WhiteElo "1961"]
[BlackElo "2007"]
[WhiteFideId "13303163"]
[BlackFideId "14101491"]
[EventDate "2016.06.16"]

1. e4 e6 2. d4 b6 3. Nf3 Bb7 4. Bd3 Nf6 5. Qe2 d5 6. e5 Nfd7 7. O-O c5 8. c3 Nc6
9. a3 Be7 10. Bf4 a5 11. Rd1 c4 12. Bc2 b5 13. Nbd2 b4 14. a4 b3 15. Bb1 Nb6 16.
Qe3 h6 17. h4 Bxh4 18. Nxh4 Qxh4 19. Bg3 Qe7 20. f4 Bc8 21. Rf1 g6 22. Nf3 Qf8
23. Bh4 Ne7 24. Bf6 Rg8 25. g4 Bd7 26. Rf2 Nxa4 27. Kf1 Nb6 28. f5 gxf5 29. gxf5
exf5 30. Nh4 Nbc8 31. Nxf5 Nxf5 32. Bxf5 Bxf5 33. Rxf5 Ra6 34. Qf3 Ne7 35. Rf4
Rg6 36. Kf2 a4 37. Ra3 Ra5 38. Qh3 Qg8 39. Rh4 Qh7 40. Rh5 Rg8 41. Bxe7 Qc2+ 42.
Kf1 Qc1+ 43. Kf2 Qxb2+ 44. Kf1 Qc1+ 45. Ke2 Qc2+ 46. Kf1 Qd1+ 47. Kf2 Qg1+ 48.
Kf3 Kxe7 49. Rxh6 Qd1+ 50. Kf2 Qd2+ 51. Kf1 Qf4+ 52. Ke2 Qe4+ 53. Kd2 Qf4+ 54.
Ke2 b2 55. Qh1 Rg3 56. Rb3 axb3 57. Re6+ Kxe6 58. Qa1 0-1

[Event "9th Asrian Memorial 2016"]
[Site "Yerevan ARM"]
[Date "2016.06.20"]
[Round "5.30"]
[White "Grigoryan, Arpine"]
[Black "Abrahamyan, Rashid"]
[Result "1/2-1/2"]
[WhiteElo "1978"]
[BlackElo "1756"]
[WhiteFideId "13307231"]
[BlackFideId "13304054"]
[EventDate "2016.06.16"]

1. e4 e5 2. Nf3 Nc6 3. Bb5 Nge7 4. O-O g6 5. c3 Bg7 6. d4 exd4 7. cxd4 d5 8.
exd5 Nxd5 9. Re1+ Be6 10. Ng5 Qd6 11. Nc3 O-O 12. Nxe6 fxe6 13. Be3 Nxc3 14.
bxc3 Kh8 15. Qb3 e5 16. Bxc6 bxc6 17. Rad1 exd4 18. Bxd4 Bxd4 19. Rxd4 Qf6 20.
Qc2 Rae8 21. Rde4 Rxe4 22. Rxe4 Kg7 23. h3 Rf7 24. Ra4 Re7 25. Qd2 Qd6 26. Rd4
Qe5 27. Rd7 c5 28. Kf1 a5 29. Rd5 Qe4 30. f3 Qc4+ 31. Kf2 Re2+ 32. Qxe2 Qxd5 33.
c4 Qd4+ 34. Kg3 Qd6+ 35. f4 Kf6 36. Kf3 Qd4 37. g4 Qa1 38. g5+ Kf7 39. Kg2 Qd4
40. Kf3 Qd7 41. Kg3 Qd4 42. Kf3 Qd7 43. Qe5 Qxh3+ 44. Kf2 Qh4+ 45. Kf1 Qh1+ 46.
Kf2 Qh4+ 47. Ke2 Qh2+ 48. Kd3 Qh3+ 49. Ke4 Qh1+ 50. Kd3 Qb1+ 51. Kc3 Qa1+ 52.
Kd3 Qb1+ 53. Kc3 Qa1+ 54. Kd3 Qb1+ 55. Kc3 1/2-1/2